Statistics for Countries by Highest Population In 1

Click here to take the quiz!

General Stats

  • This quiz has been taken 19 times
  • The average score is 2 of 10

Answer Stats

Population% of WorldCountry% Correct
45 000 00017.65Roman Empire
94%
57 674 00022.62Han Dynasty
33%
200 0000.08Mayan Polity
17%
8 000 0003.14Parthian Empire
11%
2 000 0000.78Xiongnu
11%
100 0000.04Bactria
6%
2 000 0000.78Dacia
6%
1 150 0000.45Kingdom of Meroe
6%
1 500 0000.59Kingdom of Mauretania
0%
8 500 0003.33Satavahana Dynasty
0%

Score Distribution

Percentile by Number Answered

Percent of People with Each Score

Your Score History

You have not taken this quiz